Spell the Marvel Hero #88 - Statistics

General Stats
  • This quiz has been taken 15 times
  • The average score is 5 of 7
Answer Stats
Picture Answer % Correct
War Machine
100%
Armor
79%
Old Lace
79%
Marrow
71%
Rage
71%
Reptil
71%
Makkari
36%
No matching quizzes found
Score Distribution
Percent of People with Each Score
Percentile by Number Answered
Your Score History
You have not taken this quiz